| 000 | 00512nam a22001577a 4500 | ||
|---|---|---|---|
| 005 | 20120501121441.0 | ||
| 020 |
_a8125909907 _c75.00 |
||
| 035 | _aB-85673 | ||
| 037 |
_aDPL _bENG |
||
| 100 |
_aSaxena, Sanjay _946102 |
||
| 245 |
_aMS-Access 2000 in a nutshell / _cby Sanjay Saxena |
||
| 260 |
_aNew Delhi _bVikas Publishing House _c2002 |
||
| 300 |
_avarious pages _c22 cms. |
||
| 942 |
_2ddc _cEN _h004 _mSAX |
||
| 999 |
_c65877 _d65877 |
||